000 00596nam a2200193Ia 4500
003 GCL
008 140319s9999 xx 000 0 ara d
020 _a?697235977
040 _aGCL /
_cGCL
082 0 4 _a811.09
_bهـ ل
100 1 _aهدى حسين
245 1 0 _aليكن /
_cهدى حسين
260 _aالقاهرة :
_bالمجلس الاعلى للثقافة ،
_c1996
300 _a63 ص ؛
_c12 سم
650 0 4 _aالشعر العربى
650 0 4 _aالادب العربى
650 0 4 _aالادب العربى - تاريخ ونقد - العصرالحديث
942 _2ddc
_cBK
999 _c603
_d603